| 000 | 00000nam##2200000za#4500 |
| 001 | 9.601530 |
| 003 | CaOODSP |
| 005 | 20210624210122 |
| 007 | cr ||||||||||| |
| 008 | 150406|2008||||xxc|||||o f|0| 0 fre|d |
| 040 | |aCaOODSP|bfre |
| 043 | |an-cn--- |
| 086 | 1 |aYC17-3-0/392-3F-PDF |
| 110 | 1 |aCanada.|bSénat. |bComité permanent des affairs sociale, des sciences et de la technologie, Sous-comité sur la santé des populations. |
| 245 | 10|aPolitiques sur la santé de la population : |h[ressource électronique]|bperspectives fédérale, provinciale et territoriale / |cL'honorable Wilbert J. Keon, président ; l'honorable Lucie Pépin, vice-présidente. |
| 246 | 3 |aTroisième rapport du Sous-comité sur la santé des populations du Comité sénatorial permanent des affaires sociales, des sciences et de la technologie |
| 260 | |aOttawa - Ontario : |bSénat. |cAvril 2008. |
| 300 | |a128p.|bréférences, tableaux |
| 490 | 1 |aRapport du Sous-comité sénatorial sur la santé des populations|v39e législature, 2e session, 3e rapport |
| 590 | |a11-12-Supp|b2011-07-29 |
| 775 | 08|tPopulation health policy : |w(CaOODSP)9.570886 |
| 830 | #0|aRapport du Sous-comité sénatorial sur la santé des populations ;|v39e législature, 2e session, 3e rapport|w(CaOODSP)9.502202 |
| 856 | 40|ahttp://publications.gc.ca|qPDF|s512 Ko|uhttps://publications.gc.ca/collections/collection_2011/sen/yc17-3-0/YC17-3-0-392-3-fra.pdf|y39e législature, 2e session, 3e rapport |